[Event "14th Euro Indiv 2013"]
[Site "Legnica POL"]
[Date "2013.05.11"]
[Round "7.74"]
[White "Gritsak,O"]
[Black "Anton,T"]
[Result "1-0"]
[WhiteElo "2549"]
[BlackElo "2441"]

1.Nf3 Nf6 2.c4 e6 3.g3 d5 4.Bg2 Be7 5.d4 O-O 6.Qc2 dxc4 7.Qxc4 a6 8.Bf4 Nd5
9.Nc3 Nxf4 10.gxf4 Nd7 11.O-O b5 12.Qd3 Bb7 13.Ng5 Bxg5 14.Bxb7 Ra7 15.fxg5 Rxb7
16.Ne4 f5 17.gxf6 Nxf6 18.Nxf6+ Rxf6 19.Qe4 Rb6 20.Rac1 Rh6 21.Rc5 Rd6 22.e3 Rh4
23.f4 Rg4+ 24.Kh1 Rg6 25.Rfc1 Rd7 26.Rc6 Qe7 27.Rxa6 c5 28.f5 exf5 29.Ra8+ Kf7
30.Qxf5+ Rf6 31.Qh5+ g6 32.Qxh7+ Ke6 33.Ra6+  1-0

[Event "14th Euro Indiv 2013"]
[Site "Legnica POL"]
[Date "2013.05.11"]
[Round "7.93"]
[White "Prizant,Ja"]
[Black "Chudinovskikh,A"]
[Result "1-0"]
[WhiteElo "2537"]
[BlackElo "2296"]

1.d4 Nf6 2.c4 e6 3.Nf3 d5 4.g3 Be7 5.Bg2 O-O 6.O-O dxc4 7.Qc2 a6 8.a4 Bd7
9.Rd1 Bc6 10.Nc3 a5 11.e4 Na6 12.Ne5 Nb4 13.Qe2 Nd3 14.Nxd3 cxd3 15.Rxd3 Re8
16.Rd1 Bf8 17.Bf4 g6 18.Rac1 Nh5 19.Be3 Bd7 20.e5 Rb8 21.g4 Ng7 22.h3 Kh8
23.Qf3 Be7 24.d5 Rf8 25.Ba7 Bg5 26.Bxb8 Bxc1 27.dxe6 Qxb8 28.exd7 Bxb2 29.Ne4 Bxe5
30.Ng5 Kg8 31.d8=Q Rxd8 32.Qxf7+ Kh8 33.Rxd8+ Qxd8 34.Qxg7+ Kxg7 35.Ne6+ Kf6
36.Nxd8 b6 37.Nc6 Bd6 38.Bd5 Kg5 39.Nd4 h5 40.gxh5 gxh5 41.Bc6 Kf4 42.Kg2 Be5
43.Ne2+ Kf5 44.Kf3 h4 45.Ke3 Bd6 46.f4 Bc5+ 47.Kf3 Ke6 48.Ke4 Kd6 49.Be8 c6
50.Nd4 b5 51.axb5 cxb5 52.Bxb5  1-0

[Event "HC Andersen Open 2013"]
[Site "Odense DEN"]
[Date "2013.05.12"]
[Round "3.2"]
[White "Carstensen,J"]
[Black "Rusev,K"]
[Result "0-1"]
[WhiteElo "2381"]
[BlackElo "2545"]

1.d4 Nf6 2.c4 e6 3.Nf3 d5 4.g3 Be7 5.Bg2 O-O 6.O-O dxc4 7.Qa4 a6 8.Qxc4 b5
9.Qc2 Bb7 10.Bd2 Be4 11.Qc1 Nc6 12.Nc3 Nxd4 13.Nxd4 Bxg2 14.Nxe6 fxe6 15.Kxg2 Qd7
16.Bg5 c5 17.Bxf6 gxf6 18.Qe3 Qc6+ 19.Qf3 Qxf3+ 20.Kxf3 Rfc8 21.Rad1 Rc7
22.Rd2 c4 23.Rc1 Rb8 24.e3 Rb6 25.Ne2 Kf7 26.Rdc2 Rbc6 27.Nd4 Rc5 28.Ke2 Rc8
29.Rd1 R5c7 30.Rdc1 Bc5 31.Rd1 h5 32.h4 Bb4 33.Rdc1 Rd7 34.a3 Be7 35.a4 Bc5
36.axb5 Bxd4 37.Rd1 axb5 38.Rxd4 Rxd4 39.exd4 Ke7 40.b3 cxb3  0-1

[Event "HC Andersen Open 2013"]
[Site "Odense DEN"]
[Date "2013.05.12"]
[Round "9.22"]
[White "Erikstad,O"]
[Black "Ottesen,Soren Rud"]
[Result "1-0"]
[WhiteElo "1836"]
[BlackElo "1831"]

1.d4 Nf6 2.c4 e6 3.Nf3 d5 4.g3 Be7 5.Bg2 c6 6.O-O O-O 7.Nc3 Nbd7 8.b3 a5
9.Bb2 b6 10.Re1 Bb7 11.Qc2 Re8 12.Rad1 Qc7 13.Rc1 Rac8 14.Qb1 Qb8 15.Nd2 e5
16.dxe5 Nxe5 17.cxd5 cxd5 18.Nb5 Rxc1 19.Rxc1 Bc5 20.e3 Ba6 21.a4 Bxb5 22.axb5 Qd6
23.Nf3 Nxf3+ 24.Bxf3 Ne4 25.Rd1 f5 26.Be2 Qe6 27.Rxd5 Nxf2 28.Bc4 Kh8 29.Re5 Qd7
30.Rxe8+ Qxe8 31.Kxf2 Qxe3+ 32.Kg2 f4 33.Qd3 f3+ 34.Kh3 Qh6+ 35.Kg4 Be7 36.Qd5 Qg6+
37.Kxf3 Qe8 38.Qf7 Qa8+ 39.Bd5  1-0

[Event "Geneva WGP 2013"]
[Site "Geneva SUI"]
[Date "2013.05.13"]
[Round "9.4"]
[White "Ju Wenjun"]
[Black "Hou Yifan"]
[Result "1/2-1/2"]
[WhiteElo "2544"]
[BlackElo "2617"]

1.d4 e6 2.c4 Nf6 3.g3 d5 4.Nf3 Be7 5.Bg2 O-O 6.O-O dxc4 7.Ne5 Nc6 8.Bxc6 bxc6
9.Nxc6 Qe8 10.Nxe7+ Qxe7 11.Qc2 c5 12.Qxc4 cxd4 13.Qxd4 e5 14.Qh4 h6 15.Nc3 Bb7
16.Be3 Qe6 17.f3 Rfc8 18.Qb4 Bc6 19.Rad1 Nd5 20.Nxd5 Bxd5 21.b3 a5 22.Qd2 Rd8
23.Bf2 e4 24.Qe3 exf3 25.exf3 a4 26.Rd3 axb3 27.axb3 Rdb8 28.Rb1 Ra3 29.Qxe6 Bxe6
30.g4 Raxb3 31.Rdxb3 Rxb3 32.Rxb3 Bxb3 33.Kg2 g6 34.Be3 h5 35.gxh5 gxh5 36.Bd4 Bd5
37.Be3 Bb3 38.Bd4 Bd5 39.Be3 Bb3 40.Bd4  1/2-1/2

[Event "14th Euro Indiv 2013"]
[Site "Legnica POL"]
[Date "2013.05.13"]
[Round "8.111"]
[White "Minko,V"]
[Black "Perunovic,Mio"]
[Result "1-0"]
[WhiteElo "2268"]
[BlackElo "2430"]

1.d4 Nf6 2.c4 e6 3.g3 d5 4.Nf3 Be7 5.Bg2 O-O 6.O-O c6 7.Qc2 b6 8.Nbd2 Bb7
9.e4 Na6 10.b3 Rc8 11.Bb2 Rc7 12.a3 c5 13.dxc5 Nxc5 14.Be5 Rc8 15.exd5 exd5
16.Rad1 Ncd7 17.Bb2 dxc4 18.Nxc4 Be4 19.Qe2 Bd5 20.Nfe5 Bxg2 21.Kxg2 Rc7
22.Rfe1 Qa8+ 23.Kg1 Nc5 24.Ng4 Nfe4 25.Nge3 Rd8 26.Rxd8+ Qxd8 27.Nf5 Bf8
28.Be5 Rd7 29.Qg4 f6 30.Bd4 h5 31.Qg6 Ng5 32.Re8 Qxe8 33.Qxe8 Nf3+ 34.Kg2 Nxd4
35.Nxd4 Rxd4 36.Ne3 h4 37.b4 h3+ 38.Kxh3 Re4 39.Qc6 Re6  1-0

[Event "ch-KGZ Men 2013"]
[Site "Bishkek KGZ"]
[Date "2013.05.15"]
[Round "7"]
[White "Maznitsin,A"]
[Black "Abdyjapar,Asyl"]
[Result "1/2-1/2"]
[WhiteElo "2308"]
[BlackElo "2396"]

1.c4 Nf6 2.g3 e6 3.Bg2 d5 4.Nf3 Be7 5.d4 O-O 6.O-O dxc4 7.Ne5 a6 8.Nxc4 Nc6
9.e3 Bd7 10.Nc3 Be8 11.Ne5 Qd6 12.Nxc6 Bxc6 13.e4 Qb4 14.a3 Qb6 15.Na4 Qb5
16.Nc3 Qb6 17.Na4 Qb5 18.Nc3 Qb6  1/2-1/2

[Event "BSG Pinkstertoernooi 2013"]
[Site "Bussum NED"]
[Date "2013.05.19"]
[Round "3.7"]
[White "Le Quang Long"]
[Black "Vogel,Ja"]
[Result "1/2-1/2"]
[WhiteElo "2366"]
[BlackElo "2193"]

1.c4 e6 2.g3 Nf6 3.Bg2 d5 4.d4 Be7 5.Nf3 O-O 6.Nc3 b6 7.O-O Bb7 8.Ne5 Na6
9.Qa4 Qe8 10.Qb3 c5 11.e3 dxc4 12.Qxc4 Bxg2 13.Kxg2 Qc8 14.b3 Qb7+ 15.Kg1 Rac8
16.Bb2 cxd4 17.Qxd4 Rfd8 18.Qf4 Rd2 19.Bc1 Rdd8 20.Bb2 Rd2 21.Bc1 Rdd8 22.Nb5 Nb4
23.Bb2 a6 24.Nd4 Nc2 25.Rac1 Nxd4 26.Bxd4 b5 27.g4 Ba3 28.Rxc8 Rxc8 29.g5 Ne8
30.Qg4 Nd6 31.Rd1 Qe4 32.Qxe4 Nxe4 33.f3 Nxg5 34.h4 f6 35.hxg5 fxe5 36.Bxe5 Rc1
37.Rxc1 Bxc1 38.Kf2 Kf7 39.Ke2 h5 40.gxh6 gxh6 41.Kd3 h5 42.Ke4 Ba3 43.Bg3 Bb2
44.a4 Bf6 45.Be1 Kg6 46.f4 Bb2 47.Bg3 Bc3 48.Bh2 Bf6 49.Kf3 Bc3 50.e4 Bd4
51.Bg3 Bf6 52.e5 Be7 53.Ke4 h4 54.Bh2 Bc5 55.axb5 axb5 56.f5+ exf5+ 57.Kd5 Bb4
58.Kc6 Kg5 59.Kxb5 Bf8 60.Kc4 f4 61.Kd3 Kf5 62.Ke2 Ke4 63.e6 Bc5 64.Kf1 Ke5
65.Kg2 Kxe6  1/2-1/2

[Event "Asian Continental w 2013"]
[Site "Manila PHI"]
[Date "2013.05.19"]
[Round "2.7"]
[White "Le Thanh Tu"]
[Black "Zhai Mo"]
[Result "1/2-1/2"]
[WhiteElo "2341"]
[BlackElo "2259"]

1.d4 Nf6 2.c4 e6 3.g3 d5 4.Nf3 Be7 5.Bg2 O-O 6.O-O dxc4 7.Qa4 a6 8.Qxc4 b5
9.Qc2 Bb7 10.Bd2 Be4 11.Qc1 Qc8 12.Nc3 Bb7 13.a3 Nbd7 14.b4 Nb6 15.Re1 Ne4
16.Nxe4 Bxe4 17.Bf4 Bd6 18.Ne5 Bxg2 19.Kxg2 Bxe5 20.Bxe5 Nc4 21.Bxg7 Kxg7
22.Qg5+ Kh8 23.Qf6+ Kg8 24.Qg5+ Kh8 25.Qf6+  1/2-1/2

[Event "Asian Continental 2013"]
[Site "Manila PHI"]
[Date "2013.05.20"]
[Round "3.21"]
[White "Batchuluun,T"]
[Black "Hamdani,R"]
[Result "1/2-1/2"]
[WhiteElo "2507"]
[BlackElo "2341"]

1.d4 d5 2.c4 e6 3.Nf3 Nf6 4.g3 Be7 5.Bg2 O-O 6.O-O dxc4 7.Qc2 a6 8.a4 c5
9.Rd1 Nc6 10.Na3 cxd4 11.Nxc4 Nb4 12.Qb3 e5 13.Bd2 a5 14.Nfxe5 Qc7 15.Qf3 Nbd5
16.Be1 Bc5 17.Rac1 Re8 18.g4 h6 19.h3 b6 20.Nd3 Bb7  1/2-1/2

[Event "Asian Continental w 2013"]
[Site "Manila PHI"]
[Date "2013.05.21"]
[Round "4.4"]
[White "Tan Zhongyi"]
[Black "Sihite,Chelsie Monica"]
[Result "1/2-1/2"]
[WhiteElo "2483"]
[BlackElo "2290"]

1.d4 Nf6 2.c4 e6 3.g3 d5 4.Bg2 Be7 5.Nf3 O-O 6.O-O dxc4 7.Qc2 b5 8.a4 b4
9.Nfd2 Nd5 10.Nxc4 Nc6 11.Rd1 Ba6 12.b3 Rb8 13.a5 Bf6 14.Bb2 g6 15.e3 Bb5
16.Nbd2 Bg7 17.Ne4 Qe7 18.Nc5 Rfd8 19.Nd3 h5 20.Nf4 h4 21.Nd2 hxg3 22.hxg3 Qe8
23.Nxd5 exd5 24.Rdc1 Qe6 25.Nf3 Bf6 26.Ne5 Rd6 27.f4 Bd8 28.Kf2 Nxe5 29.dxe5 Rc6
30.Qd2 Rxc1 31.Rxc1 c6 32.Rh1 Bxa5 33.Bh3 Qe7 34.e6 f6 35.Qc2 Kg7 36.Bf5 Rh8
37.Rxh8 Kxh8 38.Bxg6 Qxe6 39.Qc5 Kg7 40.Bf5 Bb6 41.Qxb6 Qxf5 42.Qxa7+ Kg8
43.Qd4 Qc2+ 44.Kg1 Qb1+ 45.Kh2 Qc2+ 46.Kg1 Qb1+  1/2-1/2

[Event "Chicago Open 2013"]
[Site "Wheeling USA"]
[Date "2013.05.24"]
[Round "3.22"]
[White "Fernandez,Dani"]
[Black "Morshedi,A"]
[Result "1/2-1/2"]
[WhiteElo "2396"]
[BlackElo "2227"]

1.d4 Nf6 2.c4 e6 3.g3 d5 4.Nf3 Be7 5.Bg2 O-O 6.O-O dxc4 7.Qc2 a6 8.Qxc4 b5
9.Qc2 Bb7 10.Bd2 Bd6 11.Rc1 Nbd7 12.Bg5 Rc8 13.Qd1  1/2-1/2

[Event "ch-CZE w 2013"]
[Site "Ledec nad Sazavou CZE"]
[Date "2013.05.25"]
[Round "3.3"]
[White "Kubikova,H"]
[Black "Pychova,Nela"]
[Result "1-0"]
[WhiteElo "2142"]
[BlackElo "1884"]

1.d4 d5 2.Nf3 Nf6 3.c4 e6 4.g3 Be7 5.Bg2 O-O 6.O-O Nbd7 7.Nbd2 b6 8.Ne5 Bb7
9.b3 c5 10.Bb2 Rc8 11.Rc1 cxd4 12.Bxd4 Bc5 13.Ndf3 Ba8 14.h3 Qe7 15.Nxd7 Nxd7
16.Bxc5 Rxc5 17.cxd5 Bxd5 18.Rxc5 Nxc5 19.Qd4 Qb7 20.Rd1 h6 21.Ne1 Bxg2 22.Nxg2 Qa6
23.Rd2 Nb7 24.Qe5 Qa3 25.Ne3 Qc1+ 26.Rd1 Qc8 27.Qb5 Rd8 28.Rxd8+ Qxd8 29.Qa6 Qb8
30.Nc4 Nc5 31.Qb5 Qd8 32.Ne3 Kh7 33.Qc4 Qf6 34.b4 Nb7 35.Qe4+ Qg6 36.Qxb7 Qb1+
37.Kg2 Qxa2 38.Qxf7 a5 39.bxa5 bxa5 40.Qc7 Qa1 41.Qc2+ Kh8 42.Qc8+ Kh7 43.Qxe6 a4
44.Nc2  1-0

[Event "40 Yrs Beer Sheva CC"]
[Site "Beer Sheva ISR"]
[Date "2013.05.26"]
[Round "2"]
[White "Fridman,D"]
[Black "Roiz,M"]
[Result "0-1"]
[WhiteElo "2648"]
[BlackElo "2617"]

1.Nf3 Nf6 2.c4 e6 3.g3 d5 4.Bg2 Be7 5.d4 O-O 6.O-O c6 7.Qc2 Nbd7 8.b3 Ne4
9.Ba3 Bxa3 10.Nxa3 Qe7 11.Qb2 b6 12.Rfc1 Bb7 13.Nc2 dxc4 14.bxc4 c5 15.Nd2 Nxd2
16.Bxb7 Nxc4 17.Qc3 Rab8 18.Bc6 Na5 19.Bxd7 cxd4 20.Qxd4 Rfd8 21.Rd1 Rb7
22.Qb4 Qxb4 23.Nxb4 Rbxd7 24.Rxd7 Rxd7 25.Rc1 g5 26.Nd3 f6 27.f4 gxf4 28.gxf4 Kf7
29.Kf2 Nb7 30.Rc6 Nd6 31.a4 Nf5 32.Rc8 Nd6 33.Rc6 Nf5 34.Rc8 h5 35.Ra8 Rc7
36.Rd8 h4 37.Kf3 Ne7 38.Rh8 Rc4 39.Rh7+ Kf8 40.a5 bxa5 41.Rxh4 a4 42.Rg4 a3
43.Rg1 Nf5 44.Ra1 Nd4+ 45.Kf2 Nc2 46.Ra2 Rc3 47.Kf3 Nb4 48.Ra1 Nxd3 49.exd3 Rxd3+
50.Kg4 Kf7 51.h4 Kg6 52.h5+ Kh6 53.Kh4 a5 54.Ra2 a4 55.Rg2 Rd4 56.Kg4 e5  0-1

[Event "Chicago Open 2013"]
[Site "Wheeling USA"]
[Date "2013.05.26"]
[Round "6.26"]
[White "Wasiluk,K"]
[Black "Colas,Joshua"]
[Result "1/2-1/2"]
[WhiteElo "2322"]
[BlackElo "2201"]

1.d4 Nf6 2.c4 e6 3.g3 d5 4.Nf3 Be7 5.Bg2 O-O 6.O-O Nbd7 7.Qc2 c6 8.Nbd2 b6
9.e4 dxe4 10.Nxe4 Nxe4 11.Qxe4 Bb7 12.Re1 Nf6 13.Qe2 Rc8 14.Bg5 h6 15.Bf4 Bd6
16.Ne5 Qe7 17.Bh3 Rfe8 18.Qc2 Bxe5 19.Bxe5 Nh7 20.Bg2 Rcd8 21.Rad1 c5 22.d5 exd5
23.cxd5 Qd7 24.f4 Nf8 25.f5 f6 26.Bf4 Qf7 27.Re6 Nxe6 28.fxe6 Qh5 29.h3 f5
30.Rd2 Re7 31.d6 Bxg2 32.dxe7 Rxd2 33.Qxd2 Bc6 34.Qd6 Qf3 35.e8=Q+ Bxe8 36.Qe7 Bc6
37.Qf7+ Kh8 38.Qf8+ Kh7 39.Qxf5+ Kh8  1/2-1/2

[Event "Chicago Open 2013"]
[Site "Wheeling USA"]
[Date "2013.05.27"]
[Round "8.22"]
[White "Wasiluk,K"]
[Black "Pamatmat,J"]
[Result "1-0"]
[WhiteElo "2322"]
[BlackElo "2113"]

1.d4 e6 2.c4 Nf6 3.g3 d5 4.Nf3 Be7 5.Bg2 O-O 6.O-O dxc4 7.Ne5 c5 8.dxc5 Bxc5
9.Nc3 Qe7 10.Bg5 h6 11.Bf4 Rd8 12.Qa4 Nd5 13.Qxc4 Nxf4 14.gxf4 Nd7 15.Rad1 Bd6
16.Nd3 Rb8 17.Nb5 Nb6 18.Qd4 Bc7 19.Qc3 Bd6 20.Nxd6 Qxd6 21.Qc5 Qxc5 22.Nxc5 Bd7
23.Bxb7 Bb5 24.Bf3 Rdc8 25.Nb3 Ba4 26.Rc1 Nc4 27.Rc2 Bxb3 28.axb3 Na5 29.Rxc8+ Rxc8
30.Ra1 Nxb3 31.Rxa7 Nd4 32.Kg2 Rc2 33.Ra8+  1-0

[Event "Chicago Open 2013"]
[Site "Wheeling USA"]
[Date "2013.05.27"]
[Round "8.29"]
[White "Kavutskiy,K"]
[Black "Tang,Andrew"]
[Result "1-0"]
[WhiteElo "2268"]
[BlackElo "2153"]

1.d4 d5 2.c4 e6 3.Nf3 Nf6 4.g3 Be7 5.Bg2 O-O 6.O-O c6 7.Qc2 Nbd7 8.Nc3 b6
9.Nd2 Bb7 10.e4 Rc8 11.e5 Ne8 12.cxd5 cxd5 13.f4 Nc7 14.Qb3 a5 15.f5 Ba6
16.Rf2 b5 17.Ne2 Nb6 18.g4 b4 19.Qh3 Ne8 20.Nf3 Rc2 21.Nf4 Rxf2 22.Kxf2 Qc8
23.Kg1 Bb5 24.Be3 Nc4 25.Bf2 Nxb2 26.g5 exf5 27.Nxd5 Bd8 28.Nh4 Bd7 29.Qb3 Na4
30.g6 Kh8 31.gxf7 Nc7 32.Ng6+  1-0

[Event "2nd Salento Open"]
[Site "Gallipoli ITA"]
[Date "2013.05.31"]
[Round "8"]
[White "Horvath,Cs1"]
[Black "Rudolf,An"]
[Result "1-0"]
[WhiteElo "2516"]
[BlackElo "2289"]

1.Nf3 d5 2.c4 e6 3.g3 Nf6 4.Bg2 Be7 5.d4 O-O 6.Nc3 c6 7.O-O b6 8.Ne5 Nfd7
9.cxd5 exd5 10.Nxd5 Nxe5 11.dxe5 Bb7 12.Nf4 Nd7 13.e6 Ne5 14.exf7+ Rxf7 15.Bd2 Bd6
16.Qc2 Qe7 17.Be4 g6 18.Rad1 Raf8 19.Nh3 Bc5 20.Bh6 Re8 21.Bg5 Qe6 22.Bg2 Ng4
23.e3 h6 24.Bd8 Bd6 25.Nf4 Bxf4 26.exf4 Ba6 27.Bxc6 Bxf1 28.Kxf1 Nf6 29.Qxg6+ Rg7
30.Qxe8+ Nxe8 31.Bd5 Kf7 32.f5 Qxd5 33.Rxd5 Nf6 34.Bxf6 Kxf6 35.Rd6+ Kxf5
36.Rxh6 Rc7 37.Kg2 Rc2 38.Rh5+ Kg6 39.Rb5  1-0

[Event "6th Mayors Cup 2013"]
[Site "Mumbai IND"]
[Date "2013.06.01"]
[Round "6"]
[White "Shetty,R"]
[Black "Karthikeyan,M2"]
[Result "0-1"]
[WhiteElo "2243"]
[BlackElo "2435"]

1.d4 d5 2.Nf3 Nf6 3.c4 e6 4.g3 Be7 5.Bg2 O-O 6.O-O dxc4 7.a4 Nc6 8.e3 Na5
9.Nbd2 c5 10.Qc2 cxd4 11.exd4 Bd7 12.Nxc4 Rc8 13.b3 b5 14.axb5 Bxb5 15.Nfe5 Nxc4
16.Nxc4 a6 17.Rd1 Nd5 18.Bd2 Nb4 19.Bxb4 Bxb4 20.d5 exd5 21.Bxd5 Qf6 22.Qe4 Rfe8
23.Qf3 Qxf3 24.Bxf3 g6 25.Nd6 Bxd6 26.Rxd6 Rc3 27.Bd5 Rd3 28.Rc1 Re5  0-1

[Event "French Top 12 2013"]
[Site "Haguenau FRA"]
[Date "2013.06.02"]
[Round "4.7"]
[White "Bellahcene,B"]
[Black "Picard,C"]
[Result "1/2-1/2"]
[WhiteElo "2355"]
[BlackElo "2170"]

1.d4 e6 2.Nf3 Nf6 3.g3 d5 4.Bg2 Be7 5.c4 O-O 6.O-O dxc4 7.Qc2 a6 8.a4 Bd7
9.Qxc4 Bc6 10.Bf4 a5 11.Nc3 Na6 12.Rac1 Nb4 13.Ne5 Bxg2 14.Kxg2 Nfd5 15.Nxd5 Qxd5+
16.Qxd5 Nxd5 17.Nd3 Nxf4+ 18.gxf4 c6 19.Rfd1 Rfd8 20.Ne5 Bd6 21.Nd3 Be7 22.e3 Rd5
23.Rc3 Rdd8 24.Rdc1 Rd7 25.Rb3 f6 26.Kf3 Kf7 27.Rc4 Rad8 28.Ke2 Ra8 29.f3 Rad8
30.Kd2 Ra8 31.Kc2 Rad8 32.Kd2 Ra8 33.Kc3 Rad8 34.h4 g6 35.Nc5 Bxc5 36.Rxc5 Ra8
37.Rb6 Kg7 38.b4 axb4+ 39.Kxb4 Kf7 40.Ra5 Rxa5 41.Kxa5 Ke7 42.Rb4 Kd8 43.Kb6 Kc8
44.e4 Kb8 45.a5 Kc8 46.Ra4 h5 47.a6 bxa6 48.Kxc6 Kd8 49.Kc5 Ke7 50.Rxa6 Rc7+
51.Kb4 Rc1 52.e5 fxe5 53.fxe5 Rh1 54.Ra7+ Kf8 55.Kc5 Rxh4 56.Ra4 Ke7 57.Kc6 Rf4
58.Ra7+ Kf8 59.d5 exd5 60.Ra3 Ke7 61.Kxd5 h4 62.Ra6 g5 63.Rg6 Rxf3 64.Rxg5 h3
65.Ke4  1/2-1/2

[Event "French Top 12 2013"]
[Site "Haguenau FRA"]
[Date "2013.06.02"]
[Round "4.2"]
[White "Bedouin,X"]
[Black "Buhmann,R"]
[Result "0-1"]
[WhiteElo "2387"]
[BlackElo "2578"]

1.d4 Nf6 2.c4 e6 3.Nf3 d5 4.g3 Be7 5.Bg2 O-O 6.O-O c6 7.Qc2 b6 8.Nbd2 Bb7
9.e4 Na6 10.b3 Nb4 11.Qb1 dxe4 12.Nxe4 c5 13.Nxf6+ Bxf6 14.Ng5 Bxg5 15.Bxb7 Rb8
16.Be4 f5 17.Bxg5 Qxg5 18.a3 Na6 19.Bc6 cxd4 20.Re1 Nc7 21.Re5 Qf6 22.Qe1 Rbd8
23.Rd1 d3 24.Rd2 Qe7 25.b4 Qd6 26.Bg2 Qd4 27.c5 Qc3 28.Bf1 Qxa3 29.Qe3 Qxb4
30.Rxd3 f4 31.Qe2 Rxd3 32.Qxd3 fxg3 33.hxg3 bxc5 34.Qd7 Qd4  0-1

[Event "Grand Europe Open Albena"]
[Site "Albena BUL"]
[Date "2013.06.03"]
[Round "3.27"]
[White "Grigoryan,Av"]
[Black "Dolzhikova,O"]
[Result "1-0"]
[WhiteElo "2605"]
[BlackElo "2263"]

1.d4 Nf6 2.c4 e6 3.g3 d5 4.Bg2 Be7 5.Nf3 O-O 6.O-O dxc4 7.Qc2 a6 8.Qxc4 b5
9.Qc2 Bb7 10.Bd2 Ra7 11.Bg5 Nbd7 12.Nbd2 Qa8 13.Nb3 Be4 14.Qc1 Rc8 15.Bxf6 gxf6
16.Qh6 c5 17.Rfd1 c4 18.Nbd2 Bc6 19.e4 Bf8 20.Qh5 Nb6 21.d5 Bd7 22.dxe6 fxe6
23.e5 f5 24.Nd4 Qb8 25.N4f3 Bg7 26.Ng5 Qxe5 27.Qxh7+ Kf8 28.Qg6 Kg8 29.Qf7+ Kh8
30.Bc6 Bxc6 31.Qxa7  1-0

[Event "French Top 12 2013"]
[Site "Haguenau FRA"]
[Date "2013.06.03"]
[Round "5.6"]
[White "Ider,B"]
[Black "Picard,C"]
[Result "1-0"]
[WhiteElo "2389"]
[BlackElo "2170"]

1.d4 e6 2.Nf3 Nf6 3.g3 d5 4.c4 Be7 5.Bg2 O-O 6.O-O dxc4 7.Ne5 Nc6 8.Bxc6 bxc6
9.Nxc6 Qe8 10.Nxe7+ Qxe7 11.Qc2 c5 12.Qxc4 cxd4 13.Qxd4 e5 14.Qh4 Qe6 15.Nc3 Bb7
16.e4 Rac8 17.Bg5 Rxc3 18.bxc3 Nxe4 19.Be3 Qc6 20.f3 Qxc3 21.Rae1 Nf6 22.Qg5 h6
23.Bd2 Qxf3 24.Rxf3 hxg5 25.Ra3 Ne4 26.Bb4 Ra8 27.Rae3 a5 28.Bc3 Nxc3 29.Rxc3 Bd5
30.a3 a4 31.Rxe5 Bb3 32.Rec5 Kh7 33.Rxg5 Rd8 34.Rf5 Rd1+ 35.Rf1 Rd2 36.g4 Ra2
37.h4 Rxa3 38.Rxf7 Ra1+ 39.Rf1 Ra2 40.Rf5 Rd2 41.Rh5+ Kg8 42.Rc8+ Kf7 43.Rc7+ Ke6
44.Ra7 Rd4 45.Rg5 Kf6 46.Rgxg7 Ke5 47.Kf2 Kf4 48.Ra5 Rd2+ 49.Ke1 Rg2 50.h5 Bc2
51.h6 Rxg4 52.Rxa4+  1-0

[Event "35th Nezhmetdinov Cup"]
[Site "Kazan RUS"]
[Date "2013.06.03"]
[Round "4.14"]
[White "Makhmutov,R"]
[Black "Rychagov,A"]
[Result "0-1"]
[WhiteElo "2360"]
[BlackElo "2561"]

1.Nf3 Nf6 2.d4 e6 3.c4 d5 4.g3 Be7 5.Bg2 O-O 6.O-O dxc4 7.Qc2 a6 8.a4 Bd7
9.Rd1 Bc6 10.Nc3 Bxf3 11.Bxf3 Nc6 12.Bxc6 bxc6 13.a5 Rb8 14.Ra4 Rb4 15.Na2 Rxa4
16.Qxa4 Qd5 17.Nc3 Qh5 18.Qxc6 Qxa5 19.Qxc4 c5 20.dxc5 Bxc5 21.Kg2 Qb6 22.f3 Be7
23.Qd4 Qc7 24.Bf4 Qb7 25.Rd2 h6 26.e4 Rd8 27.Qf2 Rxd2 28.Qxd2 Nd7 29.Na4 g5
30.Bd6 Bxd6 31.Qxd6 Qb5 32.Qd4 Ne5 33.Nc5 g4 34.fxg4 Qe2+ 35.Qf2 Qxg4 36.b4 Qd1
37.h3 Qc1 38.g4 Qc4 39.Qf4 Qe2+ 40.Kg3 Qe1+ 41.Kh2 Ng6 42.Qd6 Qf2+  0-1

[Event "43rd Open A Bosna 2013"]
[Site "Sarajevo BIH"]
[Date "2013.06.03"]
[Round "4.6"]
[White "Banusz,T"]
[Black "Sebenik,M"]
[Result "1-0"]
[WhiteElo "2592"]
[BlackElo "2519"]

1.d4 Nf6 2.c4 e6 3.g3 d5 4.Nf3 Be7 5.Bg2 O-O 6.O-O dxc4 7.Qc2 a6 8.a4 Nc6
9.Qxc4 Qd5 10.Nbd2 Rd8 11.e3 Qh5 12.h3 Nd5 13.e4 Ndb4 14.Qc3 a5 15.Nc4 Bf6
16.Be3 h6 17.Rfd1 b6 18.Bf4 Rd7 19.Ne3 Bb7 20.Ng4 Qg6 21.Nxf6+ Qxf6 22.Rd2 Rad8
23.Rad1 Qg6 24.Nh4 Qh7 25.d5 exd5 26.exd5 Ne7 27.d6 cxd6 28.Bxb7 Rxb7 29.Bxd6 Qe4
30.Rd4 Qe6 31.Re1 Ned5 32.Bxb4 axb4 33.Qd2 Qc6 34.Nf5 Rbd7 35.Rg4 g5 36.Qd4 Qg6
37.Qe5 Kh7 38.Rd4 Nf6 39.Rxd7 Rxd7 40.Ne7 Qg7 41.Rc1 Rd8 42.Nf5 Qg6 43.Rc6 Rd1+
44.Kg2 Ng4 45.Qe4 Re1  1-0

[Event "Alushta Summer-2013-2"]
[Site "Alushta UKR"]
[Date "2013.06.04"]
[Round "2"]
[White "Shtyrenkov,V"]
[Black "Frhat,A"]
[Result "1/2-1/2"]
[WhiteElo "2329"]
[BlackElo "2352"]

1.d4 d5 2.c4 e6 3.Nf3 Nf6 4.g3 Be7 5.Bg2 c5 6.cxd5 exd5 7.O-O O-O 8.Nc3 Nc6
9.dxc5 Bxc5 10.Bg5 d4 11.Bxf6 Qxf6 12.Nd5 Qd8 13.Nd2 Re8 14.Rc1 Bf8 15.Nf4 Bd6
16.Nd3 Bg4 17.Bf3 Bh3 18.Re1 Rb8 19.a3 Ne5  1/2-1/2

[Event "Icelandic Open Championship 2013"]
[Site "Reykjavik ISL"]
[Date "2013.06.04"]
[Round "6.15"]
[White "Edvardsson,K"]
[Black "Hauksdottir,Hrund"]
[Result "1-0"]
[WhiteElo "2220"]
[BlackElo "1680"]

1.d4 d5 2.c4 e6 3.Nf3 Nf6 4.g3 Be7 5.Bg2 O-O 6.Qc2 c6 7.O-O Nbd7 8.b3 b6
9.Rd1 Bb7 10.Nc3 Rc8 11.e4 Bb4 12.e5 Bxc3 13.Qxc3 Ne4 14.Qe3 f5 15.exf6 Qxf6
16.Ba3 Rf7 17.Rac1 Re8 18.Rc2 Qd8 19.Ne5 Nxe5 20.dxe5 Qb8 21.Bxe4 dxe4 22.Bd6 Qc8
23.c5 Qd8 24.Rd4 bxc5 25.Rxc5 Qb6 26.Rxe4 Qa6 27.Ra4 Qb6 28.Rh4 Qa6 29.Qe4 g6
30.a4 Rd8 31.Rg4 Qb6 32.Qc4 Ba6 33.Qc3 Bb7 34.a5 Qa6 35.Rgc4 Rc8 36.Qe3 Rd8
37.Qg5 Re8 38.Qg4 Rf5 39.h4 Kg7 40.Qe4 Rc8 41.Be7 Rf7 42.Bf6+ Kg8 43.Rd4 Rcf8
44.h5  1-0

[Event "French Top 12 2013"]
[Site "Haguenau FRA"]
[Date "2013.06.05"]
[Round "7.6"]
[White "Paci,C"]
[Black "Picard,C"]
[Result "1-0"]
[WhiteElo "2326"]
[BlackElo "2170"]

1.Nf3 e6 2.c4 Nf6 3.g3 d5 4.Bg2 Be7 5.d4 O-O 6.O-O dxc4 7.Qc2 a6 8.a4 Bd7
9.Qxc4 Bc6 10.Bg5 Bd5 11.Qd3 c5 12.Nc3 Bc6 13.Rfd1 cxd4 14.Nxd4 Bxg2 15.Kxg2 Nbd7
16.Qf3 Qc7 17.Bf4 e5 18.Nf5 Bc5 19.Bg5 Rfe8 20.Bxf6 Nxf6 21.Nxg7 Kxg7 22.Qxf6+ Kg8
23.Nd5 Qd8 24.Rac1 Bd4 25.Qf3 Re6 26.e3 Bxb2 27.Nc7 Rd6 28.Nxa8 Bxc1 29.Rxc1 Qxa8
30.Qg4+ Rg6 31.Rc8+  1-0

[Event "Icelandic Open Championship 2013"]
[Site "Reykjavik ISL"]
[Date "2013.06.05"]
[Round "7.14"]
[White "Olander,A"]
[Black "Stefansson,Vignir Vatnar"]
[Result "1-0"]
[WhiteElo "2093"]
[BlackElo "1678"]

1.d4 Nf6 2.c4 e6 3.g3 d5 4.Bg2 Be7 5.Nf3 O-O 6.O-O b6 7.Ne5 Bb7 8.Nc3 c5
9.dxc5 bxc5 10.Qb3 Qb6 11.cxd5 Qxb3 12.axb3 exd5 13.Bg5 Rd8 14.Rfd1 Kf8 15.Nc4 Nbd7
16.Nxd5 Nxd5 17.Bxd5 Bxd5 18.Bxe7+ Kxe7 19.Rxd5 Rdb8 20.Rad1 Rb7 21.Ne5 Nxe5
22.Rxe5+ Kf6 23.Rxc5 Rxb3 24.Rc6+ Ke5 25.Rd7 Rxb2 26.f4+ Ke4 27.Kf2 a5 28.Rxf7 a4
29.Rd7 a3 30.Rc5 Re8 31.Rd3 a2 32.Ra5 a1=Q 33.Rxa1 Kf5 34.Re3 Reb8 35.Kf3 R8b7
36.Ra6 R7b6 37.Rxb6 Rxb6 38.Rc3 Rb4 39.g4+ Kf6 40.h4 Rb1 41.Rc6+ Kf7 42.h5 Rf1+
43.Ke4 Re1 44.e3 Ra1 45.Rc7+ Kf8 46.Rc5 Ra3 47.Re5 Ra4+ 48.Kf5 Kf7 49.Rb5 Ra7
50.e4 Ra6 51.Rb7+ Kf8 52.e5 Rc6 53.Rd7 Rc4 54.Ke6 g6 55.hxg6 hxg6 56.f5 Rc6+
57.Rd6  1-0

[Event "French Top 12 2013"]
[Site "Haguenau FRA"]
[Date "2013.06.06"]
[Round "8.3"]
[White "Bauer,Ch"]
[Black "Svetushkin,D"]
[Result "1/2-1/2"]
[WhiteElo "2638"]
[BlackElo "2588"]

1.c4 Nf6 2.d4 e6 3.Nf3 d5 4.g3 Be7 5.Bg2 O-O 6.O-O dxc4 7.Qa4 a6 8.Qxc4 b5
9.Qc2 Bb7 10.Bd2 Be4 11.Qc1 Bb7 12.Rd1 Qc8 13.Bg5 Nbd7 14.Nc3 h6 15.Bxf6 Nxf6
16.Qf4 c5 17.dxc5 Qxc5  1/2-1/2

[Event "Alushta Summer-2013-2"]
[Site "Alushta UKR"]
[Date "2013.06.07"]
[Round "6"]
[White "Legky,N"]
[Black "Frhat,A"]
[Result "1/2-1/2"]
[WhiteElo "2396"]
[BlackElo "2352"]

1.Nf3 d5 2.c4 e6 3.d4 Nf6 4.g3 Be7 5.Bg2 O-O 6.O-O dxc4 7.Qc2 a6 8.Qxc4 b5
9.Qc2 Bb7 10.Bf4 Nc6 11.Rd1 Nb4 12.Qc1 Nbd5 13.Nc3 Rc8 14.Nxd5 Bxd5 15.Be3 c6  1/2-1/2

[Event "National Open 2013"]
[Site "Las Vegas USA"]
[Date "2013.06.08"]
[Round "3"]
[White "Yanayt,E"]
[Black "Helfst,Matt D"]
[Result "1/2-1/2"]
[WhiteElo "2230"]
[BlackElo "1955"]

1.d4 d5 2.c4 e6 3.Nf3 Be7 4.g3 Nf6 5.Bg2 Nbd7 6.O-O c6 7.Qc2 O-O 8.b3 b6
9.Nc3 Ba6 10.Nd2 Rc8 11.Re1 b5 12.e4 dxc4 13.bxc4 bxc4 14.Qa4 Bb5 15.Nxb5 Nb6
16.Qxa7 cxb5 17.Nf3 Bb4 18.Re2 Na4 19.Bg5 h6 20.Bxf6 gxf6 21.e5 Ra8 22.Qb7 Nc3
23.Rc2 Rb8 24.Qa7 Ra8 25.Qb7 Rb8 26.Qa7 Ra8 27.Qb7 Rb8 28.Qa7 Ra8  1/2-1/2

[Event "National Open 2013"]
[Site "Las Vegas USA"]
[Date "2013.06.08"]
[Round "4"]
[White "Helfst,Matt D"]
[Black "Morshedi,A"]
[Result "1/2-1/2"]
[WhiteElo "1955"]
[BlackElo "2227"]

1.Nf3 Nf6 2.c4 e6 3.g3 d5 4.d4 Be7 5.Bg2 O-O 6.O-O dxc4 7.Qc2 a6 8.Qxc4 b5
9.Qc2 Bb7 10.Bf4 Bd6 11.Bxd6 cxd6 12.Nbd2 Nbd7 13.Rac1 Rc8 14.Qd3 Qb6 15.e4 Rfd8
16.Rfe1 Rc7 17.Rxc7 Qxc7 18.Nb3 Nb6 19.Rc1 Bxe4 20.Rxc7 Bxd3 21.Rc6 Nc4 22.Ne1 Be2
23.Nc1 Bh5 24.b3 Nb2 25.Rxa6  1/2-1/2